हारमोनियम के हज़ार टुकड़े / (Record no. 82964)

MARC details
000 -LEADER
fixed length control field 00878nam a22002537a 4500
005 - DATE AND TIME OF LATEST TRANSACTION
control field 20140311162926.0
008 - FIXED-LENGTH DATA ELEMENTS--GENERAL INFORMATION
fixed length control field 081106t xxu||||| |||| 00| d hin d
010 ## - LCCN (DPL NO)
LC control number HIN-101940
020 ## - INTERNATIONAL STANDARD BOOK NUMBER
Terms of availability 150.00
International Standard Book Number 9789380628196
035 ## - SYSTEM CONTROL NUMBER
System control number HN-74286
037 ## - SOURCE OF ACQUISITION
Source of stock number/acquisition DBAD / PUB
040 ## - CATALOGING SOURCE
Original cataloging agency DPL
Language of cataloging HN
082 ## - DEWEY DECIMAL CLASSIFICATION NUMBER
Classification number
100 ## - MAIN ENTRY--PERSONAL NAME
9 (RLIN) 27262
Personal name पांडेय,दयानंद
245 ## - TITLE STATEMENT
Title हारमोनियम के हज़ार टुकड़े /
Statement of responsibility, etc दयानंद पांडेय
260 ## - PUBLICATION, DISTRIBUTION, ETC. (IMPRINT)
Place of publication, distribution, etc दिल्ली
Name of publisher, distributor, etc जनवाणी प्रकाशन
Date of publication, distribution, etc 2011
270 ## - ADDRESS
Address 30/35-36,गली न.9, विश्वास नगर
City दिल्ली
Postal code 110032
300 ## - PHYSICAL DESCRIPTION
Extent 88पृ.
Dimensions 22सेमी(सजिल्द)
650 ## - SUBJECT ADDED ENTRY--TOPICAL TERM
9 (RLIN) 27268
650 ## - SUBJECT ADDED ENTRY--TOPICAL TERM
9 (RLIN) 27263
700 ## - ADDED ENTRY--PERSONAL NAME
Personal name
9 (RLIN) 27271
710 ## - ADDED ENTRY--CORPORATE NAME
9 (RLIN) 27272
942 ## - ADDED ENTRY ELEMENTS (KOHA)
Source of classification or shelving scheme Dewey Decimal Classification
Item type Hindi Books
Call number suffix पांडेय
Classification part
Holdings
Withdrawn status Lost status Source of classification or shelving scheme Damaged status Not for loan Collection code Home library Current library Date acquired Source of acquisition Cost, normal purchase price Total Checkouts Full call number Barcode Date last seen Copy number Cost, replacement price Koha item type
    Dewey Decimal Classification   Not For Loan Fiction D.B.Act.Division D.B.Act.Division 11/03/2014 DBAD/PUB 150.00   क पांडेय HN-74286 11/03/2014 1 150.00 Hindi Books

© Delhi Public Library
Hit Counter
free hit counter